Cyclotomic fields I and II.

Uloženo v:
Podrobná bibliografie
Hlavní autor: Lang, Serge, 1927-2005 (Autor)
Médium: Kniha
Jazyk:angličtina
Vydáno: New York, USA : Springer, 1990.
Vydání:Combined Second Edition.
Edice:Graduate texts in mathematics ; 121
Témata:
Tagy: Přidat tag
Žádné tagy, Buďte první, kdo vytvoří štítek k tomuto záznamu!

MARC

LEADER 00000cam a2200000 a 4500
001 3369391
003 CL-VaPUC
005 20250120153138.0
008 871207s1990 nyua b 001 0 eng
999 |c 446313  |d 446311 
010 |a  87035616  
020 |a 0387966714 
040 |a DLC  |c Pontificia Universidad Católica de Valparaíso  |d DLC 
050 0 0 |a QA247  |b .L332 1990 
082 0 0 |a 512.3 LAN 1990  |2 19 
100 1 |a Lang, Serge,  |d 1927-2005.  |e author  |9 895034 
245 1 0 |a Cyclotomic fields I and II. 
250 |a Combined Second Edition. 
260 |a New York, USA :  |b Springer,  |c 1990. 
300 |a xvii, 433 páginas. 
490 |a Graduate texts in mathematics ;  |v 121 
500 |a "With an appendix by Karl Rubin." 
583 |c 20250102 
650 0 |a Campos algebraicos   |9 270199 
650 0 |a Campos ciclotómicos  |x Teoría de números  |9 895035 
942 |2 ddc  |c BK 
952 |0 0  |1 0  |2 ddc  |4 0  |6 512_300000000000000_LAN_1990  |7 0  |8 A  |9 598792  |a BIBMAT  |b BIBMAT  |d 2025-01-02  |e 1  |g 84389.00  |i 5663728  |o 512.3 LAN 1990  |p 5663728  |r 2025-01-02  |t 1  |v 84389.00  |w 2025-01-02  |y BK  |k MAT